| 000 -LEADER |
| fixed length control field |
01328cas a2200373 a 4500 |
| 001 - CONTROL NUMBER |
| control field |
11469761 |
| 005 - DATE AND TIME OF LATEST TRANSACTION |
| control field |
20240213112202.0 |
| 008 - FIXED-LENGTH DATA ELEMENTS--GENERAL INFORMATION |
| fixed length control field |
930719d19uu19uucaubx p co 0 a0eng c |
| 010 ## - LIBRARY OF CONGRESS CONTROL NUMBER |
| LC control number |
96648294 |
| 020 ## - INTERNATIONAL STANDARD BOOK NUMBER |
| International Standard Book Number |
9781519664501 |
| 022 0# - INTERNATIONAL STANDARD SERIAL NUMBER |
| International Standard Serial Number |
1090-0683 |
| ISSN-L |
1090-0683 |
| Source |
1 |
| 035 ## - SYSTEM CONTROL NUMBER |
| System control number |
(OCoLC)ocm28472221 |
| 037 ## - SOURCE OF ACQUISITION |
| Source of stock number/acquisition |
Flatland, PO Box 2420, Fort Bragg, CA 95437-2420 |
| 040 ## - CATALOGING SOURCE |
| Original cataloging agency |
WIH |
| Language of cataloging |
eng |
| Transcribing agency |
WIH |
| Modifying agency |
DLC |
| -- |
NSD |
| -- |
DLC |
| -- |
OCLCQ |
| -- |
DLC |
| -- |
EBZ |
| -- |
OCLCQ |
| -- |
OCLCF |
| -- |
OCLCO |
| -- |
OCL |
| -- |
VLY |
| -- |
OCL |
| 042 ## - AUTHENTICATION CODE |
| Authentication code |
pcc |
| -- |
nsdp |
| 043 ## - GEOGRAPHIC AREA CODE |
| Geographic area code |
n-us-ca |
| 050 00 - LIBRARY OF CONGRESS CALL NUMBER |
| Classification number |
PN4878.3 |
| Item number |
.F53 |
| 082 00 - DEWEY DECIMAL CLASSIFICATION NUMBER |
| Classification number |
530.11 |
| 100 01 - MAIN ENTRY--PERSONAL NAME |
| Relator code |
Abbott,Edwin A. |
| 130 0# - MAIN ENTRY--UNIFORM TITLE |
| Uniform title |
Flatland (Fort Bragg, Calif.) |
| 9 (RLIN) |
120319 |
| 245 10 - TITLE STATEMENT |
| Title |
Flatland: |
| Remainder of title |
A Romance of Many Dimensions/ |
| Statement of responsibility, etc. |
Edwin A.Abbott |
| 260 ## - PUBLICATION, DISTRIBUTION, ETC. |
| Place of publication, distribution, etc. |
Great Britain: |
| Name of publisher, distributor, etc. |
pd Workman; |
| Date of publication, distribution, etc. |
2015. |
| 300 ## - PHYSICAL DESCRIPTION |
| Extent |
212p. : |
| Other physical details |
ill. ; |
| 588 ## - SOURCE OF DESCRIPTION NOTE |
| Source of description note |
Description based on: Sixth edition, published 1/15/91; title from cover. |
| 588 ## - SOURCE OF DESCRIPTION NOTE |
| Source of description note |
Latest issue consulted: #11; copyrighted 1994. |
| 590 ## - LOCAL NOTE (RLIN) |
| Local note |
SERBIB/SERLOC merged record |
| 650 #0 - SUBJECT ADDED ENTRY--TOPICAL TERM |
| Topical term or geographic name entry element |
Little magazines |
| 9 (RLIN) |
120320 |
| 655 #7 - INDEX TERM--GENRE/FORM |
| Genre/form data or focus term |
Bibliographies. |
| Source of term |
fast |
| Authority record control number |
(OCoLC)fst01919895 |
| 9 (RLIN) |
120321 |
| 655 #7 - INDEX TERM--GENRE/FORM |
| Genre/form data or focus term |
Catalogs. |
| Source of term |
fast |
| Authority record control number |
(OCoLC)fst01423692 |
| 9 (RLIN) |
98425 |
| 655 #7 - INDEX TERM--GENRE/FORM |
| Genre/form data or focus term |
Reviews. |
| Source of term |
fast |
| Authority record control number |
(OCoLC)fst01423760 |
| 9 (RLIN) |
120322 |
| 906 ## - LOCAL DATA ELEMENT F, LDF (RLIN) |
| a |
7 |
| b |
cbc |
| c |
serials |
| d |
u |
| e |
ncip |
| f |
19 |
| g |
n-oclcserc |
| 942 ## - ADDED ENTRY ELEMENTS (KOHA) |
| Source of classification or shelving scheme |
|
| Koha item type |
Book |